000 01066nam a2200277Ia 4500
001 ebr10054668
003 CaPaEBR
006 m u
007 cr cn|||||||||
008 981007s1999 enk sb 001 0 eng d
020 _z0203483529
040 _aCaPaEBR
_cCaPaEBR
035 _a(OCoLC)568027180
050 1 4 _aHV8073
_b.F67 1999eb
245 0 0 _aForensic examination of human hair
_h[electronic resource] /
_cedited by James Robertson.
260 _aLondon :
_bTaylor & Francis,
_c1999.
300 _axii, 267 p.
504 _aIncludes bibliographical references and index.
533 _aElectronic reproduction.
_bPalo Alto, Calif. :
_cebrary,
_d2009.
_nAvailable via World Wide Web.
_nAccess may be limited to ebrary affiliated libraries.
650 0 _aForensic sciences.
650 0 _aCriminal investigation.
655 7 _aElectronic books.
_2local
700 1 _aRobertson, James.
710 2 _aebrary, Inc.
856 4 0 _uhttp://site.ebrary.com/lib/rucke/Doc?id=10054668
_zAn electronic book accessible through the World Wide Web; click to view
999 _c63521
_d63521